000 01126cam a2200289 a 4500
001 15045218
005 20250122190712.0
008 071015s2008 nyua b 001 0 eng
020 _a9780071494700 (acidfree paper)
020 _a0071494707 (acidfree paper)
050 0 0 _aHG4661
_b.S53 2008
082 0 0 _a332.63/22
_222
100 1 _aSiegel, Jeremy J.
245 1 0 _aStocks for the long run :
_bthe definitive guide to financial market returns and long-term investment strategies /
_cJeremy J. Siegel.
250 _a4th ed.
260 _aNew York :
_bMcGraw-Hill,
_cc2008.
300 _axxii, 380 p. :
_bill. ;
_c25 cm.
500 _aIncludes Index
650 0 _aStocks.
650 0 _aStocks
_xHistory.
650 0 _aRate of return.
650 0 _aStocks
_xRate of return.
856 4 1 _3Table of contents only
_uhttp://www.loc.gov/catdir/toc/ecip082/2007042478.html
856 4 2 _3Contributor biographical information
_uhttp://www.loc.gov/catdir/enhancements/fy0806/2007042478-b.html
856 4 2 _3Publisher description
_uhttp://www.loc.gov/catdir/enhancements/fy0806/2007042478-d.html
942 _2lcc
_cBK
_e4th Ed.
_n0
999 _c2846
_d2846